000
00312nam a2200121Ia 4500
008
190723s9999 xx 000 0 und d
020
_a
978-0-670-08895-9
100
_a
Ashok Soota
245
0
_a
Entrepreneurship Simplifed from Idea to IPO
260
_a
India
_b
MCGraw Hill
_c
2016
300
_a
233
942
_c
BK
999
_c
1345
_d
1345